| 000 | 01238nam a22003377a 4500 | ||
|---|---|---|---|
| 003 | CHAP | ||
| 005 | 20220920165936.0 | ||
| 008 | 110203s1988 us r 00010 eng d | ||
| 010 | _a100434 | ||
| 011 | _a101406 | ||
| 020 | _a0844406155 | ||
| 035 | _a112094 | ||
| 040 | _cCHAP | ||
| 082 | 0 | 4 |
_a025.30285572 _bUs5 |
| 245 | 0 | 0 |
_aUSMARC concise formats : _bfor bibliographic, authority, and holdings data _c/prepared por Network Development and MARC Standards Office |
| 260 |
_aWashington, D.C. : _bCataloging Distribution Service, Library of Congress, _c1988 |
||
| 300 | _aiv, [265 p.] | ||
| 590 |
_aBATCH-UPD _b10 _c20130110 |
||
| 590 |
_aBATCH-UPD _b10 _c20130410 |
||
| 590 |
_aBATCH-UPD _b10 _c20130914 |
||
| 590 |
_aCONVERSION _b10 _c20130109 |
||
| 650 | 1 | 4 |
_aCatalogación. _920484 |
| 650 | 1 | 4 |
_aClasificación de libros. _923675 |
| 650 | 1 | 4 |
_aFormatos de intercambio de información. _942399 |
| 650 | 1 | 4 |
_aMARC _xFormatos. _971248 |
| 650 | 1 | 4 |
_aProcesamiento automático de datos en blibliotecas. _991759 |
| 901 | _aBK | ||
| 942 |
_cLIBRO _2ddc |
||
| 949 |
_a025.30285572 Us5 _bBC _cB _d33724002203743 _eB _fc.2 _gDonaciØn _h114108 _i112094 _sb |
||
| 949 |
_a025.30285572 Us5 _bBC _cB _d33724002212355 _eB _gDonaciØn _h114151 _i112094 _sb |
||
| 999 |
_c100434 _d100434 |
||